Statistical yearbook on candidate and South/East European countries data 1994-98

Uložené v:
Podrobná bibliografia
Médium: Kniha
Jazyk:English
Vydavateľské údaje: Luxembourg Office for Official Publications of the European Communities 2000
Predmet:
Tagy: Pridať tag
Žiadne tagy, Buďte prvý, kto otaguje tento záznam!

MARC

LEADER 00000nam a2200000 4500
001 c123745
005 20221129095611.5
020 |a 92-828-9150-X 
041 0 |a eng 
044 |a LU 
245 1 0 |a Statistical yearbook on candidate and South/East European countries  |b data 1994-98 
264 1 |a Luxembourg  |b Office for Official Publications of the European Communities  |c 2000 
300 |a 228 s. 
610 2 0 |a Európa 
610 2 0 |a SVE 
610 2 0 |a štatistika 
610 2 0 |a účty národné 
610 2 0 |a financie 
610 2 0 |a poľnohospodárstvo 
610 2 0 |a energetika 
610 2 0 |a priemysel 
610 2 0 |a obchod 
610 2 0 |a prostredie životné 
610 2 0 |a populácia 
610 2 0 |a 1994-1998